000 00565nam a22002057a 4500
003 OSt
005 20140310182927.0
008 130130t xxu||||| |||| 00| 0 eng d
020 _a9789715420846
050 _a PL5535 .Y11 2008
_b.Y11 2008
082 _aF899.210301
_b.P552 2008
245 _aPhilippine short stories 1941-1955.
_cYabes, Leopoldo Y.
260 _aQuezon City :
_b U.P. Press,
_c1981.
300 _axix, 502 p. :
_c23 cm.
521 _acollege students
526 _c1210L-1700L
541 _j1
562 _e1
942 _2lcc
_cBK
_kFIL
999 _c17454
_d17454